000 00341nam a2200133 i 4500
001 bg
100 1 _aKARWAT, M.
245 0 _aPodmiotowość polityczna :
_bhumanistyczna interpretacja polityki... /
_cM. Karwat.
260 _aWarszawa,
_c1980.
040 _cBPK
041 _apol
942 _cKS
008 s pl f |000 0 pol
999 _c21931
_d21931
856 _uhttp://koha.tu.koszalin.pl/cgi-bin/koha/opac-detail.pl?biblionumber=21931
_yKatalog online BPK